Quiz Rap FR avec choix - Statistiques

Statistiques générales
  • Ce quiz a été pris 39 fois
  • Le résultat moyen est 5 sur 15
Statistiques - réponses
Question Réponse % Correct
Quel est le prénom de Tiakola ? William
57%
Comment se nomme le morceau de Maes et Booba sur l'album "Les derniers salopards" ? Blanche
51%
Dans quelle émission a-t-on pu découvrir BenPLG ? Nouvelle école
49%
Quel rappeur a pour ancien nom : Joke Ateyaba
43%
Lequel de ces morceaux n'existe pas ? 30 JUIN 2008
38%
Quel rappeur n'a jamais fait parti de la Fonky Family ? Jo Popo
35%
Lequel de ces rappeurs a sorti son premier projet le plus récemment ? Zola
32%
Lequel de ces duos de rappeurs n'ont aucun lien de parenté ? Djadja et Dinaz
30%
Avec qui Lacrim n'a jamais fait de featuring ? Young Thug
24%
Quelle compilation légendaire contient les titres "Les vrais le savent", "Pucc fiction" ou encore "La roue tourne" ? L432
22%
Quel musique fait moins de 7 minutes ? Marche - Multi-artiste
22%
Quel album est sorti en 2005 ? Paradis assassiné - Lino
22%
Laquel de ces proposition n'est pas un album de Sinik ? Sinik
22%
Qui a topliner "DKR" de Booba ? Meryl
16%
Lors de la finale de Ligue des champions 2024-2025 quel artiste n'était pas présent lors du show de pré-match au Parc des Princes ? Niska
11%
Aucun quiz correspondant
Distribution des résultats
% des personnes avec chaque résultat
Percentile par nombre de réponses
Votre historique - résultats
Vous n’avez pas pris ce quiz